| 000 | 00398nam a2200181Ia 4500 | ||
|---|---|---|---|
| 008 | 210210b1958 xxu||||| |||| 00| 0 eng d | ||
| 041 | _aeng | ||
| 082 | _a828/379 | ||
| 100 | _aLIPPERT (Peter) | ||
| 245 | _aJesuits: a self portrait | ||
| 260 |
_aEdinburg _b- _c1958 |
||
| 650 | _aself | ||
| 650 | _aportrait | ||
| 650 | _aJesuits: | ||
| 650 | _aa | ||
| 690 | _aBiography | ||
| 906 | _a016224 | ||
| 999 |
_c135645 _d135645 |
||